Návrh na efektívnejšie využívanie komunikačných aktivít na PHF EU diplomová práca

Na minha lista:
Detalhes bibliográficos
Autor principal: Balintová, Klára
Autor Corporativo: Podnikovohospodárska fakulta EU so sídlom v Košiciach. Katedra obchodného podnikania
Outros Autores: Weiss, Erik, 1979-
Formato: Livro
Idioma:eslovaco
Publicado em: Košice 2024
Tags: Adicionar Tag
Sem tags, seja o primeiro a adicionar uma tag!

MARC

LEADER 00000nbm a2200000 4500
001 0301395
005 20260127091615.7
041 0 |a slo 
044 |a SK 
245 1 0 |a Návrh na efektívnejšie využívanie komunikačných aktivít na PHF EU  |b diplomová práca  |c Klára Balintová ; školiteľ: Erik Weiss 
264 1 |a Košice  |c 2024 
300 |a 64 s. 
100 1 |a Balintová, Klára 
700 1 |a Weiss, Erik, 1979- 
710 2 |a Podnikovohospodárska fakulta EU so sídlom v Košiciach. Katedra obchodného podnikania